00380nam a2200145Ia 4500008004100000082001600041100002100057245005600078250001200134260002700146300001000173700002300183942001300206999001500219150201s2006 xx 000 0 und d a302.35bHAL aHall, Richard H. aOrganizations : structures, processes, and outcomes a9th Ed. bPearsonaN.Delhic2006 a292p. aTolbert, Pamela S. 2ddccFCM c6322d6322